00850nam a2200229 a 45000010005000000030009000050080041000140200015000550400028000700820017000981000029001152450075001442600032002193000011002515900074002626500019003366500043003556500042003989420012004409990017004529520151004698193CO-ViMGA141112s2004 ck r 000 u spa d a9589232361 aCO-ViMGAbspacCO-ViMGA04a303.372 H26i1 aHenriquez, Cecilia9796810aImperio y Ocaso del Sagrado Corazon en Colombia / cHenriquez Cecilia  aBogotá, cAltamir, c1996 a181 p. aForma de adquisición : donacion - - Proveedor : Luis Ángel Arango14areligion9796914asagrado corazon de Jesus - culto9797014asimbolismo cristiano - colombia97971 2ddccBK c20005d20005 00102ddc40708003aMEVIECARbMEVIECARd2015-12-04hVolumen. 1 | 11/jun/2009l0o303.372 H26i p8193r2015-12-04 00:00:00tEj. 1w2015-12-04yBK